000 00606cam a2200217 4500500
005 20260405003829.0
041 _afre
042 _adc
100 1 0 _aLacroix, Alexandre
_eauthor
245 0 0 _aAu saut du lit
260 _c2024.
500 _a58
690 _aAlexandre Lacroix
690 _aCommencement
690 _aEmotions
690 _aÉveil
690 _aHumeur
690 _aRépétition
786 0 _nPhilosophie magazine | 178 | 4 | 2024-04-01 | p. 1-2 | 1951-1787
856 4 1 _uhttps://shs.cairn.info/magazine-philosophie-magazine-2024-4-page-1?lang=fr&redirect-ssocas=7080
999 _c2071251
_d2071251